000 00858cam a2200289 4500
008 710504s1971 enk b 001 0 eng
010 _a 77552414
020 _a0043410057
040 _aDLC
_cDLC
_dDLC
050 0 0 _aJX1308
_b.A43
082 0 0 _a341
092 0 4 _a341
_bA3138 1971
_221
099 _a04
_a341 A3138 1971
100 1 _aAkehurst, Michael Barton.
245 1 2 _aA modern introduction to international law,
_cby Michael Akehurst.
250 _a2nd ed.
260 _aLondon,
_bAllen & Unwin,
_c1971.
300 _a367 p.
_c23 cm.
490 0 _aMinerva series of students' handbooks, no. 25
504 _aIncludes bibliographical references.
650 0 _aInternational law.
902 _a1
905 _aEman
_eRev.
905 _aJamal
_eCat.
942 _2ddc
_cBK
999 _c125948
_d125948